Afrika – začarovaný kruh neokolonizácie?
Afrika je v súčasnosti najchudobnejší kontinent na zemeguli. Rozvojová pomoc v Afrike. Dôvody zlyhávania rozvojovej pomoci v Afrike. Neefektívnosť využitia prostriedkov rozvojovej pomoci. Neokolonizácia Afriky – čínska invázia do Afriky. Príklady čínskej expanzie v Afrike. Etika, morálna zodpovednos...
Uložené v:
| Hlavný autor: | |
|---|---|
| Médium: | Kapitola |
| Jazyk: | Slovak |
| Predmet: | |
| Tagy: |
Žiadne tagy, Buďte prvý, kto otaguje tento záznam!
|
MARC
| LEADER | 00000nla a2200000 4500 | ||
|---|---|---|---|
| 001 | 0168657 | ||
| 005 | 20240502072933.0 | ||
| 041 | 0 | |a slo | |
| 044 | |a SK | ||
| 245 | 1 | 0 | |a Afrika – začarovaný kruh neokolonizácie? |c Klaudia Lindtnerová |
| 520 | |a Afrika je v súčasnosti najchudobnejší kontinent na zemeguli. Rozvojová pomoc v Afrike. Dôvody zlyhávania rozvojovej pomoci v Afrike. Neefektívnosť využitia prostriedkov rozvojovej pomoci. Neokolonizácia Afriky – čínska invázia do Afriky. Príklady čínskej expanzie v Afrike. Etika, morálna zodpovednosť a spravodlivosť v distribúcii zahraničnej pomoci. | ||
| 610 | 2 | 0 | |a pomoc rozvojová |
| 610 | 2 | 0 | |a pomoc zahraničná |
| 610 | 2 | 0 | |a investície zahraničné |
| 610 | 2 | 0 | |a chudoba |
| 610 | 2 | 0 | |a zdroje prírodné |
| 610 | 2 | 0 | |a suroviny nerastné |
| 610 | 2 | 0 | |a etika |
| 610 | 2 | 0 | |a Afrika |
| 610 | 2 | 0 | |a Čína |
| 100 | 1 | |a Lindtnerová, Klaudia | |